Central Library OPAC University of Rajshahi

Introduction to the theory of matroids / (Record no. 51897)

MARC details
000 -LEADER
fixed length control field 00859nam a2200265 a 4500
001 - CONTROL NUMBER
control field 51897
003 - CONTROL NUMBER IDENTIFIER
rucl marc code BD-RjUL
005 - DATE AND TIME OF LATEST TRANSACTION
control field 20211209075728.0
008 - FIXED-LENGTH DATA ELEMENTS--GENERAL INFORMATION
fixed length control field 160904s1971 nen b 001 0 eng
020 ## - INTERNATIONAL STANDARD BOOK NUMBER
International Standard Book Number 0444000968
035 ## - SYSTEM CONTROL NUMBER
System control number (BD-RjUL)52017
040 ## - CATALOGING SOURCE
Original cataloging agency DLC
Transcribing agency DLC
Modifying agency DLC
-- BD-RjUL
Language of cataloging eng
041 ## - LANGUAGE CODE
Language code of text/sound track or separate title eng
082 00 - DEWEY DECIMAL CLASSIFICATION NUMBER
Classification number 511.6
Edition number 23
Author mark and year TUI 1971
100 10 - MAIN ENTRY--PERSONAL NAME
Personal name Tutte, W. T.
9 (RLIN) 155221
245 10 - TITLE STATEMENT
Title Introduction to the theory of matroids /
Statement of responsibility, etc. W. T. Tutte.
260 ## - PUBLICATION, DISTRIBUTION, ETC. (IMPRINT)
Place of publication, distribution, etc. New York :
Name of publisher, distributor, etc. American Elsevier Pub. Co.,
Date of publication, distribution, etc. c1971
300 ## - PHYSICAL DESCRIPTION
Pagination xi, 84 p. ;
Size 24 cm.
490 1# - SERIES STATEMENT
Series statement Modern analytic and computational methods in science and mathematics ;
Volume/sequential designation no. 37
500 ## - GENERAL NOTE
General note Include index
650 #0 - SUBJECT ADDED ENTRY--TOPICAL TERM
Topical term or geographic name as entry element Matroids.
9 (RLIN) 155222
830 #0 - SERIES ADDED ENTRY--UNIFORM TITLE
Uniform title Modern analytic and computational methods in science and mathematics ;
Volume number/sequential designation v. 37.
942 ## - ADDED ENTRY ELEMENTS (KOHA)
Source of classification or shelving scheme Dewey Decimal Classification
Koha item type Books
Holdings
Lost status Source of classification or shelving scheme Damaged status Not for loan Collection code Permanent Location Current Location Shelving location Date acquired Source of acquisition Total Checkouts Full call number Date last seen Copy number Koha item type
  Dewey Decimal Classification     Non-fiction Central Library, University of Rajshahi Central Library, University of Rajshahi   07/04/1979 Nell.   511.6 TUI 1971 04/09/2016 C-2 Books